Philosophy of education in Philippine setting (Record no. 84807)

MARC details
000 -LEADER
fixed length control field 00699nam a22002297a 4500
003 - CONTROL NUMBER IDENTIFIER
control field URS
005 - DATE AND TIME OF LATEST TRANSACTION
control field 20250828100459.0
008 - FIXED-LENGTH DATA ELEMENTS--GENERAL INFORMATION
fixed length control field 160517b xxu||||| |||| 00| 0 eng d
040 ## - CATALOGING SOURCE
Transcribing agency URS
041 ## - LANGUAGE CODE
Language code of text/sound track or separate title eng
050 00 - LIBRARY OF CONGRESS CALL NUMBER
Classification number LA 1292
Item number .G74 1979
100 1# - MAIN ENTRY--PERSONAL NAME
Personal name Gregorio, Herman C.
Relator term author
245 ## - TITLE STATEMENT
Title Philosophy of education in Philippine setting
Statement of responsibility, etc. Herman C. Gregorio and Cornelia M. Gregorio
264 ## - PRODUCTION, PUBLICATION, DISTRIBUTION, MANUFACTURE, AND COPYRIGHT NOTICE
Place of production, publication, distribution, manufacture Quezon City
Name of producer, publisher, distributor, manufacturer R.P. Garcia Publishing
Date of production, publication, distribution, manufacture, or copyright notice ©1979
300 ## - PHYSICAL DESCRIPTION
Extent 171 pages ;
336 ## - CONTENT TYPE
Source rdacontent
Content type term text
337 ## - MEDIA TYPE
Source rdamedia
Media type term unmediated
338 ## - CARRIER TYPE
Source rdacarrier
Carrier type term volume
650 #0 - SUBJECT ADDED ENTRY--TOPICAL TERM
Topical term or geographic name entry element Education--Philippines.
9 (RLIN) 4849
General subdivision Philosophy
700 1# - ADDED ENTRY--PERSONAL NAME
Personal name Gregorio, Cornelia M.
Relator term author
942 ## - ADDED ENTRY ELEMENTS (KOHA)
Koha item type Filipiniana
Source of classification or shelving scheme Library of Congress Classification
Holdings
Withdrawn status Source of classification or shelving scheme Damaged status Not for loan Collection code Home library Current library Date acquired Total Checkouts Full call number Barcode Date last seen Copy number Price effective from Koha item type
  Library of Congress Classification     Non-fiction Morong Graduate Library Morong College Library 04/07/2025   LA 1292 .G74 1979 URSMOR-GL-466 04/07/2025 4 04/07/2025 Filipiniana
  Library of Congress Classification     Non-fiction Morong Graduate Library Morong Graduate Library 04/07/2025   LA 1292 .G74 1979 URSMOR-GL-463 04/07/2025 1 04/07/2025 Filipiniana
  Library of Congress Classification     Non-fiction Morong Graduate Library Morong Graduate Library 04/07/2025   LA 1292 .G74 1979 URSMOR-GL-464 04/07/2025 2 04/07/2025 Filipiniana
  Library of Congress Classification     Non-fiction Morong Graduate Library Morong Graduate Library 04/07/2025   LA 1292 .G74 1979 URSMOR-GL-465 04/07/2025 3 04/07/2025 Filipiniana
  Library of Congress Classification     Non-fiction Morong Graduate Library Morong Graduate Library 04/07/2025   LA 1292 .G74 1979 URSMOR-GL-467 04/07/2025 5 04/07/2025 Filipiniana
  Library of Congress Classification     Non-fiction Morong Graduate Library Morong Graduate Library 04/07/2025   LA 1292 .G74 1979 URSMOR-GL-3576 04/07/2025 6 04/07/2025 Filipiniana

University of Rizal System
Email us at univlibservices@urs.edu.ph

Visit our Website www.urs.edu.ph/library